Библиография Победы

“Убежден: опыт солидарности, партнерства в годы борьбы с общей угрозой — это наше бесценное наследие, прочная опора именно сейчас, когда набирает силу необратимое движение к более справедливому многополярному миру, основанному на принципах доверия и неделимой безопасности, равных возможностей для самобытного и свободного развития всех стран и народов.”

В.В. Путин

Июль 1944 г. 8 Суббота. Государственный хор русской песни. Художественный руководитель засл. арт. РСФСР А.В. Свешников (Запись № 65419)

Подробности
000 -МАРКЕР
контрольное поле 03245nam0a2200505 4500
001 - ИДЕНТИФИКАТОР ЗАПИСИ
контрольное поле RU\NLR\BIBL_A\011945021
005 - ИДЕНТИФИКАТОР ВЕРСИИ
контрольное поле 20250809113137.0
020 ## - НОМЕР ДОКУМЕНТА В НАЦИОНАЛЬНОЙ БИБЛИОГРАФИИ
Код страны российская федерация
Основное заглавие издания Российской книжной палаты Ленинград в Великой Отечественной войне. Коллекция. Афиши
035 ## - ДРУГИЕ СИСТЕМНЫЕ НОМЕРА
Идентификатор записи (NLR Aleph) 011945021
100 ## - ДАННЫЕ ОБЩЕЙ ОБРАБОТКИ
Данные общей обработки 20190222d1944 u y0rusy50 ca
101 0# - ЯЗЫК РЕСУРСА
Язык текста, звукозаписи и т.д. русский
102 ## - СТРАНА ПУБЛИКАЦИИ ИЛИ ПРОИЗВОДСТВА
Страна публикации российская федерация
105 ## - ПОЛЕ КОДИРОВАННЫХ ДАННЫХ: ТЕКСТОВЫЕ МАТЕРИАЛЫ, МОНОГРАФИЧЕСКИЕ
Кодированные данные о монографическом текстовом документе y z 000zy
135 ## - ПОЛЕ КОДИРОВАННЫХ ДАННЫХ: ЭЛЕКТРОННЫЕ РЕСУРСЫ
Кодированные данные для электронного ресурса crcn 024anaba
200 1# - ЗАГЛАВИЕ И СВЕДЕНИЯ ОБ ОТВЕТСТВЕННОСТИ
Основное заглавие Июль 1944 г. 8 Суббота. Государственный хор русской песни. Художественный руководитель засл. арт. РСФСР А.В. Свешников
Сведения, относящиеся к заглавию [афиша]
Первые сведения об ответственности Управление по делам искусств Исполкома Ленгорсовета, Театральный зал Малого оперного театра
210 ## - ПУБЛИКАЦИЯ, РАСПРОСТРАНЕНИЕ И ДР.
Место издания, распространения и т.д. [Ленинград]
Имя издателя, распространителя и т. д. ЛТ УН-9
Дата издания, распространения и т.д. 1944
215 ## - ФИЗИЧЕСКАЯ ХАРАКТЕРИСТИКА
Специфическое обозначение материала и объем 1 л.
Размеры 50х66
300 ## - ОБЩИЕ ПРИМЕЧАНИЯ
Текст примечания Начало в 19 часов. Билеты продаются в кассе Малого оперного театра. Касса открыта с 12 ч. до 20 часов. Дети до 16 лет на вечерние спектакли не допускаются. Вход в зрительный зал после 3-го звонка воспрещен. Верхнее платье снимать обязательно
300 ## - ОБЩИЕ ПРИМЕЧАНИЯ
Текст примечания Зак. 1663
325 ## - ПРИМЕЧАНИЕ О КОПИИ
Текст примечания Копия доступна в Электрон. б-ке РНБ
327 ## - ПРИМЕЧАНИЯ О СОДЕРЖАНИИ
Текст примечания В программе: Русские песни
606 1# - НАИМЕНОВАНИЕ ТЕМЫ КАК ПРЕДМЕТ
Наименование темы Театральная жизнь
Географический подзаголовок Ленинград, город
Хронологический подзаголовок 1941 - 1944
Формальный подзаголовок Афиши
Код системы nlr_sh2
Идентификатор авторитетной/нормативной записи RU\NLR\AUTH\6601649837
686 ## - ИНДЕКСЫ ДРУГИХ КЛАССИФИКАЦИЙ
Индекс Щ333(2Р=Рус)7- 692Ленинград
702 #1 - ИМЯ ЛИЦА - ВТОРИЧНАЯ ОТВЕТСТВЕННОСТЬ
Начальный элемент ввода Свешников
Часть имени, кроме начального элемента ввода А. В.
Дополнения к именам, кроме дат хоровой дирижер
Даты 1890-1980
Расширение инициалов личного имени Александр Васильевич
Идентификатор авторитетной/нормативной записи RU\NLR\AUTH\770172781
Код отношения Дирижер, Руководитель оркестра
710 02 - НАИМЕНОВАНИЕ ОРГАНИЗАЦИИ - ПЕРВИЧНАЯ ОТВЕТСТВЕННОСТЬ
Начальный элемент ввода Русский хор им. А.В. Свешникова
Идентифицирующий признак Москва
Идентификатор авторитетной/нормативной записи RU\NLR\AUTH\8810027103
712 02 - НАИМЕНОВАНИЕ ОРГАНИЗАЦИИ - ВТОРИЧНАЯ ОТВЕТСТВЕННОСТЬ
Начальный элемент ввода Ленинградское городское управление по делам искусств
Идентификатор авторитетной/нормативной записи RU\NLR\AUTH\889975365
Код отношения Прочие
712 02 - НАИМЕНОВАНИЕ ОРГАНИЗАЦИИ - ВТОРИЧНАЯ ОТВЕТСТВЕННОСТЬ
Начальный элемент ввода Ленинградский малый театр оперы и балета
Идентификатор авторитетной/нормативной записи RU\NLR\AUTH\889923401
Код отношения Прочие
852 ## - МЕСТОНАХОЖДЕНИЕ И ШИФР ХРАНЕНИЯ
Идентификатор организации NLR
Шифр хранения (Call Number) Л3-330а/13/3/1944-июль(1)
856 #0 - МЕСТОНАХОЖДЕНИЕ ЭЛЕКТРОННЫХ РЕСУРОВ И ДОСТУП К НИМ
Универсальный идентификатор ресурса (Uniform Resource Identifier) http://vivaldi.nlr.ru/la700000181/view
856 #1 - МЕСТОНАХОЖДЕНИЕ ЭЛЕКТРОННЫХ РЕСУРОВ И ДОСТУП К НИМ
Универсальный идентификатор ресурса (Uniform Resource Identifier) http://vivaldi.nlr.ru/la700000181/cover
856 #2 - МЕСТОНАХОЖДЕНИЕ ЭЛЕКТРОННЫХ РЕСУРОВ И ДОСТУП К НИМ
Универсальный идентификатор ресурса (Uniform Resource Identifier) http://vivaldi.nlr.ru/la700000181/text
942 ## - ДОПОЛНИТЕЛЬНЫЕ ЭЛЕМЕНТЫ ЗАПИСИ (АБИС)
Тип экземпляра АБИС Визуальный материал
945 ## - Информацию об издании предоставили:
Полное название организации, предоставившей материал Российская национальная библиотека
980 ## - КОЛЛЕКЦИЯ
Название коллекции Национальная библиография
980 ## - КОЛЛЕКЦИЯ
Название коллекции Библиография Победы
980 3# - КОЛЛЕКЦИЯ
Название коллекции КП2019 Ленинград в Великой Отечественной войне
980 3# - КОЛЛЕКЦИЯ
Название коллекции Книжные памятники РНБ
981 37 - КОЛЛЕКЦИЯ ЭЛЕКТРОННОЙ БИБЛИОТЕКИ
Название коллекции Ленинград в Великой Отечественной войне
Название подколлекции Афиши блокадного Ленинграда

Нет доступных экземпляров.